000 00427nam a2200181Ia 4500
008 230524s9999 xx 000 0 und d
020 _a8187433310
082 _a627
_bBIR
100 _aG.S.Birdie
245 0 _aIrrigation Engineering
250 _a1
260 _aNew Delhi
_bDhanpat rai
_c2014
300 _a"XVI,543p;"
500 _aQuantity Number: 11
650 _aCivil
700 _aRam Chandra Das
942 _cBK
999 _c55351
_d55351